00550nam a2200169Ia 4500008004000000020001800040082001300058100002000071245002200091260003000113300000800143650002100151690001800172906001100190999001900201952016000220210210b2003 xxu||||| |||| 00| 0 eng d a8 18710 712 X a611 PARH aPARKER (Janet). aHuman body Atlas. aNDbOm Book Servicec2003 a224 aHuman body atlas aHuman Anatomy a059857 c106900d106900 001040738medical scienceaALbALcMedical Scienced2021-02-17eBook World, Mangalore.g1600.00l0o611 PARHp059857r2021-02-17 00:00:00w2021-02-17yBK